Кн. 3; Русская история
| Parent link: | Русская история: Полный курс лекций в 3 кн./ В. О. Ключевский. Кн. 3.— , 1993- |
|---|---|
| Language: | Russian |
| Published: |
1993
|
| Subjects: |
Петр Великий
> I
> 1672 - 1725
> российский царь из династии Романовых
> первый российский император
Лжедмитрий
> I
> ? - 1606
> самозванец, выдававший себя за царевича Дмитрия
> настоящее имя, предположительно, Отрепьев Юрий Богданович
|
| Format: | Book |
| KOHA link: | https://koha.lib.tpu.ru/cgi-bin/koha/opac-detail.pl?biblionumber=15935 |
MARC
| LEADER | 00000nam0a2200000 4500 | ||
|---|---|---|---|
| 001 | 15935 | ||
| 005 | 20241126063146.0 | ||
| 035 | |a (RuTPU)RU\TPU\book\16052 | ||
| 035 | |a BOOK00016121 | ||
| 090 | |a 15935 | ||
| 100 | |a 20011209d1993 km y0rusy50 ca | ||
| 101 | 0 | |a rus | |
| 102 | |a RU | ||
| 105 | |a y z 000zd | ||
| 200 | 0 | |a Кн. 3 | |
| 210 | |d 1993 | ||
| 215 | |a 558 с. | ||
| 461 | |t Русская история |o Полный курс лекций в 3 кн. |f В. О. Ключевский |v Кн. 3 |d 1993- | ||
| 600 | 0 | |a Петр Великий |d I |f 1672 - 1725 |c российский царь из династии Романовых |c первый российский император |2 stltpui |3 (RuTPU)RU\TPU\pers\365 | |
| 600 | 0 | |a Лжедмитрий |d I |f ? - 1606 |c самозванец, выдававший себя за царевича Дмитрия |c настоящее имя, предположительно, Отрепьев Юрий Богданович |2 stltpui |3 (RuTPU)RU\TPU\pers\683 | |
| 600 | 0 | |a Александр |d I |f 1777 - 1825 |c российский император с 1801 г. |c из династии Романовых |2 stltpui |3 (RuTPU)RU\TPU\pers\8 | |
| 600 | 0 | |a Екатерина Великая |d II |f 1729 - 1796 |c российская императрица с 1762 |c урожденная Софья Фредерика Августа Анхельт-Цербстская |2 stltpui |3 (RuTPU)RU\TPU\pers\98 | |
| 606 | |a Россия |x История |7 ca |8 rus |9 81526 | ||
| 610 | 1 | |a 18 век | |
| 610 | 1 | |a 19 век | |
| 610 | 1 | |a реформы Петра I | |
| 610 | 1 | |a дворцовые перевороты | |
| 686 | |a Т3(2)я7 |2 rubbk | ||
| 801 | 0 | |a RU |b 63413507 |c 20011209 |g PSBO | |
| 801 | 2 | |a RU |b 63413507 |c 20120828 |g PSBO | |
| 942 | |c BK | ||